| 000 | 00934nam a2200253Ia 4500 | ||
|---|---|---|---|
| 003 | OSt | ||
| 005 | 20220923214801.0 | ||
| 006 | a|||||r|||| 00| 0 | ||
| 007 | ta | ||
| 008 | 220922b |||||||| |||| 00| 0 hin d | ||
| 024 | _a172,720 | ||
| 037 | _cTextual | ||
| 040 |
_aARTS _cARTS _bhin |
||
| 041 |
_2hin _ahin |
||
| 082 | _aO152:3NPRx, K1-;2;L5 | ||
| 100 | _aप्रियंवदा, उषा | ||
| 245 | 0 | _aजिन्दगी और गुलाब के फूल | |
| 246 | _aJindagī aur gulāb ke fūla | ||
| 250 | _aसंस्क0 4 | ||
| 260 |
_aदिल्ली _b भारतीय ज्ञनपीठ _c1975 |
||
| 490 | _aलोकोदय ग्रन्थमाला, लक्ष्मीचन्द्र जैन द्वारा संपा0; 142 | ||
| 942 |
_hO152:3NPRx, K1-;2;L5 _cTEXL _2CC |
||
| 999 |
_c326728 _d326728 |
||